Организация процесса профессионально-ориентированного обучения иностранному языку магистров в практике ВЯТГУ с помощью технологии flipped classroom; Профессиональная подготовка студентов технического вуза на иностранном языке: эксклюзивные компетенции преподавателя

Podrobná bibliografie
Parent link:Профессиональная подготовка студентов технического вуза на иностранном языке: эксклюзивные компетенции преподавателя.— 2017.— [С. 55-58]
Hlavní autor: Романова И. В.
Další autoři: Суслопарова М. М., Кибишев А. Н.
Shrnutí:Заглавие с титульного экрана
В данной статье рассматривается вопрос о применении технологии flipped classroom на занятиях по иностранному языку. Описываются особенности организации процесса профессионально-ориентированного обучения иностранному языку магистров ВятГУ.
Jazyk:ruština
Vydáno: 2017
Edice:Современные педагогические технологии в реализации профессиональной подготовки на иностранном языке
Témata:
On-line přístup:http://earchive.tpu.ru/handle/11683/43887
Médium: MixedMaterials Elektronický zdroj Kapitola
KOHA link:https://koha.lib.tpu.ru/cgi-bin/koha/opac-detail.pl?biblionumber=624190

MARC

LEADER 00000naa2a2200000 4500
001 624190
005 20231101133312.0
035 |a (RuTPU)RU\TPU\conf\23403 
035 |a RU\TPU\conf\23400 
090 |a 624190 
100 |a 20171102d2017 k y0rusy50 ca 
101 0 |a rus 
102 |a RU 
105 |a y z 101zy 
135 |a drcn ---uucaa 
181 0 |a i  
182 0 |a b 
200 1 |a Организация процесса профессионально-ориентированного обучения иностранному языку магистров в практике ВЯТГУ с помощью технологии flipped classroom  |f И. В. Романова, М. М. Суслопарова, А. Н. Кибишев 
203 |a Текст  |c электронный 
225 1 |a Современные педагогические технологии в реализации профессиональной подготовки на иностранном языке 
230 |a 1 компьютерный файл (pdf; 253 Kb) 
300 |a Заглавие с титульного экрана 
320 |a [Библиогр.: с. 58 (2 назв.)] 
330 |a В данной статье рассматривается вопрос о применении технологии flipped classroom на занятиях по иностранному языку. Описываются особенности организации процесса профессионально-ориентированного обучения иностранному языку магистров ВятГУ. 
463 1 |0 (RuTPU)RU\TPU\conf\23363  |t Профессиональная подготовка студентов технического вуза на иностранном языке: эксклюзивные компетенции преподавателя  |o сборник материалов Всероссийской научной конференции, 20-22 апреля 2017 г., Томск  |f Национальный исследовательский Томский политехнический университет (ТПУ), Институт развития стратегического партнерства и компетенций (ИСПК) ; под ред. И. В. Слесаренко [и др.]  |v [С. 55-58]  |d 2017 
610 1 |a труды учёных ТПУ 
610 1 |a электронные ресурсы 
610 1 |a технологии 
610 1 |a обучение 
610 1 |a иностранные языки 
610 1 |a синонимия 
610 1 |a образовательные программы 
700 1 |a Романова  |b И. В. 
701 1 |a Суслопарова  |b М. М. 
701 1 |a Кибишев  |b А. Н. 
801 2 |a RU  |b 63413507  |c 20171110  |g RCR 
856 4 |u http://earchive.tpu.ru/handle/11683/43887 
942 |c BK